000 00569nam a2200205Ia 4500
005 20250923145506.0
008 008 250917s9999 xx 000 0 eng d
037 _aTextual
040 _aDSWL
_beng
_cDSWL
041 _aeng
_2eng
084 _aY:4, N63
_qDSWL
100 _aBecker, H.S.
_9835872
245 0 _aOutsiders: Studies in Sociology of divine
_c by H.S. Becker
260 _aNew York
_b Free Press
_c1963
300 _avii,215p.
365 _aINR
_b30.96
925 _g30.96
942 _cTEXL
_hY:4, N63
999 _c1452005
_d1452005